000 00546nam a22001817a 4500
005 20251108164135.0
008 250721s1995 xx 000 0 ara d
082 1 4 _a301.16/محم
100 1 _aالطنوبي، محمد عمر
245 1 0 _aالمرجع في الإعلام و الإعلام الزراعي /
264 1 _aالاسكندريه :
_bمنشأة المعارف،
_c1995.
300 _a402ص
650 1 7 _aالإعلام
650 1 7 _aوسائل الإتصال
650 1 7 _aالزراعة
942 _2ddc
_cBK
999 _c4652
_d4652